Statystyki dla Flagi świata po opisie

Kliknij tutaj aby rozwiązać quiz!

Ogólne statystyki

  • Ten quiz został rozwiązany 813 razy
  • Średni wynik to 14 z 27

Statystyki odpowiedzi

OpisKraj% Poprawnych
Flaga została podzielona na dwa pasy o układzie poziomym: czerwony na górze, biały na dole.Monako
76%
Flaga ... to granatowy prostokąt, w którego lewym górnym rogu znajduje się Union Jack, symbol Wielkiej Brytanii, przypominający o związkach ... z Koroną Brytyjską.Australia
69%
Flaga jest prostokątem podzielonym na trzy poziome pasy: biały, niebieski i czerwony. Z lewej strony flagi znajduje się herb ..., co wyróżnia ją od identycznych w kolorach flag Słowenii i Rosji.Slowacja
69%
Flaga ... – czerwony prostokąt z białym księżycem i gwiazdą, jeden z symboli Republiki ...Turcja
67%
Czerwony kwadrat z białym krzyżem greckim na środku. Jest to jedna z dwóch – obok watykańskiej – kwadratowych flag na świecie.Szwajcaria
66%
Czerwone tło oznacza rewolucję i krew przelaną przez ... . W środku flagi znajduje się złota gwiazda pięciopromienna, która symbolizuje partię komunistyczną. Pięć ramion gwiazdy reprezentuje: robotników, chłopów, żołnierzy, inteligencję i młodzież.Wietnam
65%
Flaga ... to prostokąt w trzech równych pasach o kolorach: czarnym, żółtym i czerwonym. Czarny i złoty pochodzą z herbu księstwa Brabancji. Trzeci kolor czerwony reprezentuje południe krajuBelgia
63%
Flaga ... składa się z trzech poziomych pasów: czerwonego, białego i czarnego. Na białym polu znajduje się zielony napis ‏ «الله أكبرIrak
62%
Flaga ... wzorowana jest na fladze Stanów Zjednoczonych. 14 pasów oznacza 13 stanów kraju i stolicę Kuala Lumpur. Półksiężyc i gwiazda są symbolami islamu, głównej religii państwa, a barwa niebieska podkreśla związki z Wielką Brytanią.Malezja
62%
Prostokąt podzielony na trzy pionowe pasy: niebieski, żółty i czerwony. Kolorystycznie jest identyczna, jak flaga CzaduRumunia
62%
Flaga ... jest białym prostokątem, w którego centrum umieszczone są: figura przypominająca kształtem wyspę ... oraz dwie zielone gałązki oliwne. Kolor biały i zielone gałązki oliwne to symbol pokoju między dwoma społecznościami wyspy: Grekami i Turkami.Cypr
61%
Flaga ... ma formę prostokąta podzielonego na trzy poziome pasy: żółty, zielony i czerwony, żółty to kolor słońca i oznacza szlachetność i uczciwość, zielony nawiązuje do roślinności i jest symbolem życia oraz nadziei, a czerwony to kolor krwi i łączy się z miłością, odwagą i poświęceniem dla ojczyzny.Litwa
60%
Flaga jest prostokątem podzielonym na trzy poziome pasy: czerwony, żółty, czerwony. Z lewej strony na środkowym pasie znajduje się godło królewskie w otoczeniu Słupów Herkulesa (Skała Gibraltarska i Abyle w Ceucie). Barwy flagi nie posiadają oficjalnej interpretacji.Hiszpania
55%
Flaga ... jest prostokątem, w którym zawarte są trzy równe poziome pasy: czerwony, niebieski i biały. W części czołowej wstawiony jest herb państwowy. Barwy flagi ... nawiązują do wywodzącej się z panslawizmu idei flagi wszechsłowiańskiej i symbolizują rewolucyjne ideały oraz wspólne korzenie wszystkich Słowian.Serbia
55%
Flaga jest prostokątem o proporcjach 3:2 podzielonym na dwa równe poziome pasy: biały i czerwony, z dodanym od strony drzewca niebieskim trójkątem sięgającym do połowy długości flagi.Czechy
52%
Flaga ... jest czerwonym prostokątem z białym krzyżem.Dania
51%
Flaga składa się z czerwono-niebieskiego symbolu taijitu, a wokół niego cztery trygramy, których symbolika została zaczerpnięta z filozofii chińskiej.Korea poludniowa
51%
To kombinacja 3 flag - niebieskiej z czerwonym Krzyżem św. Jerzego w białym obramowaniu, a w tle po przekątnych nakładające się na siebie krzyże: czerwonej św. Patryka i białej św. Andrzeja .Wielka brytania
51%
Flaga ... jest prostokątem o niebieskiej barwie z żółtymi elementami. Kolor niebieski na fladze oznacza niebo oraz narody tureckie. Jest związany ze starym Kultem Wielkiego Nieba - legendy z dawnej religii koczowników. Słońce to symbol kosmosu i harmonii.Kazachstan
48%
Flaga ... składa się z trzech poziomych pasów: czerwonego, żółtego i zielonego. Symbolizują one armię wyzwoleńczą i zwierzęta (czerwony), bogactwa naturalne kraju (żółty) oraz płodność (zielony).Boliwia
45%
Flaga ... stanowi prostokąt o trzech kolorach: kolor szafranowy oznacza odwagę i poświęcenie, biały - prawdę i pokój, a zielony - religijność, płodność i rycerskość. W środku flagi widnieje forma buddyjskiej dharma - czakry - jest to koło prawa lub prawości i sprawiedliwości, będące pierwotnie emblematem buddyjskim.Indie
45%
Flaga ... jest prostokątna, przedstawia ona pięć krzyży na białym tle, z czerwonym krzyżem św. Jerzego, patrona ... , w centrum flagi i czterema po bokach. Kolor biały był ... barwą narodową w średniowieczu, okresie rozkwitu państwa ... .Gruzja
40%
Żółty kolor oddaje bogactwo ... ziemi, niebieski symbolizuje morza i oceany opływające terytorium ..., a czerwony upamiętnia krew przelaną w walkach o wyzwolenie ... spod hiszpańskiej dominacji.Kolumbia
40%
Flaga Republiki ... jest czerwona ze złotożółtym słońcem. Słońce posiada osiem promieni, które rozciągają się od dysku słonecznego i rozszerzają ku krawędziom flagi. Promienie przebiegają w poziomie, pionie oraz po przekątnej. Średnica dysku słonecznego stanowi jedną siódmą długości flagi.Macedonia
40%
Zielony pas symbolizuje islam, biały moralną czystość, półksiężyc z gwiazdą to ogólnie przyjęty symbol muzułmański.Algieria
38%
Flaga ... – biały prostokąt z dwoma poziomymi niebieskimi pasami i umieszczoną na środku niebieską gwiazdą Dawida. Niebieski kolor jest dopuszczony wyłącznie jako „ciemny błękit”. Występują różnice w odcieniach od barwy czystego niebieskiego do ciemnego granatu.Izrael
20%
Flaga ... – prostokąt podzielony na trzy poziome pasy: czerwony, biały, zielony, symbolizujące odpowiednio: siłę, wiarę, nadzieję.Węgry
18%

Rozkład punktacji

Percentyl według liczby udzielonych odpowiedzi

Procent ludzi z każdym wynikiem

Twoja historia wyników

Nie rozwiązałeś tego quizu